[Event "4th Budapest Open"]
[Site "Budapest, Hungary"]
[Date "2014.08.21"]
[Round "6.18"]
[White "Antal, Attila Dr"]
[Black "Horvath, Csaba"]
[Result "1-0"]
[WhiteElo "2048"]
[BlackElo "1839"]
[PlyCount "99"]
[EventDate "2014.??.??"]

1. e4 c5 2. Nf3 Nc6 3. d4 cxd4 4. Nxd4 Qb6 5. Nb3 Nf6 6. Nc3 e6 7. Be3 Qc7 8.
a3 Be7 9. Be2 O-O 10. Qd2 Rd8 11. Bf4 d6 12. O-O-O Na5 13. Nxa5 Qxa5 14. Kb1
Kh8 15. g4 e5 16. Bg5 Ng8 17. Nd5 Qxd2 18. Bxd2 Bh4 19. Be3 b6 20. f3 Bb7 21.
Nc7 Rab8 22. Nb5 Ba6 23. Rxd6 Ne7 24. Rxd8+ Rxd8 25. Nd6 Rxd6 26. Bxa6 Nc6 27.
c3 Ne7 28. Kc2 Ng6 29. Rd1 Rxd1 30. Kxd1 Kg8 31. a4 Nf4 32. a5 Ng2 33. Bg1 bxa5
34. Bxa7 Bg5 35. Bb6 Bf4 36. Bxa5 Bxh2 37. Bb4 g6 38. c4 Ne3+ 39. Ke2 Nc2 40.
Bd6 Bg3 41. c5 Nd4+ 42. Kf1 Nxf3 43. Kg2 Ng5 44. Kxg3 Nxe4+ 45. Kg2 h5 46. gxh5
gxh5 47. Bd3 Nxd6 48. cxd6 Kf8 49. d7 Ke7 50. Bf5 1-0

[Event "4th Budapest Open"]
[Site "Budapest, Hungary"]
[Date "2014.08.21"]
[Round "6.19"]
[White "Kovacsy, Barnabas"]
[Black "Szecsi, Peter"]
[Result "1/2-1/2"]
[WhiteElo "1622"]
[BlackElo "1858"]
[PlyCount "40"]
[EventDate "2014.??.??"]

1. e4 c6 2. d4 d5 3. Nc3 dxe4 4. Nxe4 Bf5 5. Ng3 Bg6 6. h4 h6 7. Nf3 Nd7 8. h5
Bh7 9. Bd3 Bxd3 10. Qxd3 Ngf6 11. Bf4 Qa5+ 12. Bd2 Qc7 13. O-O-O e6 14. Ne4
Nxe4 15. Qxe4 Nf6 16. Qe2 O-O-O 17. g3 Bd6 18. Ne5 Bxe5 19. Qxe5 Qxe5 20. dxe5
Nd5 1/2-1/2

[Event "4th Budapest Open"]
[Site "Budapest, Hungary"]
[Date "2014.08.21"]
[Round "6.20"]
[White "Heyl, Thomas"]
[Black "Szurkos, Andras"]
[Result "1-0"]
[WhiteElo "2001"]
[BlackElo "1775"]
[PlyCount "91"]
[EventDate "2014.??.??"]

1. c4 e5 2. g3 Nc6 3. Nc3 Nf6 4. Bg2 Bb4 5. Nd5 O-O 6. Nf3 d6 7. O-O Bc5 8.
Nxf6+ Qxf6 9. a3 h6 10. h3 Qg6 11. Kh2 Nd4 12. e3 Nxf3+ 13. Bxf3 c6 14. d4 exd4
15. exd4 Bb6 16. b3 Bd8 17. Bg2 Bf5 18. Re1 Ba5 19. Bd2 Bc2 20. Qe2 Bd3 21. Qe3
Bxd2 22. Qxd2 Bf5 23. Re2 Rfe8 24. Rae1 Kf8 25. Qb4 Qf6 26. Qxb7 Qxd4 27. Bxc6
Be6 28. Bxe8 Rxe8 29. Qd5 Qb6 30. Qf3 Kg8 31. Rd1 Rd8 32. Qe4 Qc7 33. f4 g6 34.
Qd3 Qd7 35. g4 Kh7 36. Rf1 f5 37. Rfe1 Re8 38. gxf5 Bxf5 39. Rxe8 Qxe8 40. Rxe8
Bxd3 41. Re7+ Kg8 42. Rxa7 Kf8 43. Rd7 Bb1 44. Rxd6 Ba2 45. Rb6 Kf7 46. c5 1-0

[Event "4th Budapest Open"]
[Site "Budapest, Hungary"]
[Date "2014.08.21"]
[Round "6.21"]
[White "Pakh, Alex"]
[Black "Birovecz, Ben Jordan"]
[Result "1-0"]
[WhiteElo "1883"]
[BlackElo "1410"]
[PlyCount "51"]
[EventDate "2014.??.??"]

1. c4 e6 2. Nf3 d5 3. g3 Nf6 4. Bg2 c5 5. O-O Nc6 6. cxd5 exd5 7. d4 Be6 8. b3
Bd6 9. Bb2 O-O 10. Nc3 a6 11. Rc1 Rc8 12. e3 Re8 13. dxc5 Bxc5 14. Nxd5 Nxd5
15. Rxc5 Qd6 16. Rc2 Ncb4 17. Rxc8 Rxc8 18. e4 Qd8 19. exd5 Bxd5 20. Qd4 Qf6
21. Qxf6 gxf6 22. Bxf6 Nxa2 23. Nd4 Bxg2 24. Kxg2 Nb4 25. Nf5 Nd5 26. Rd1 1-0

[Event "4th Budapest Open"]
[Site "Budapest, Hungary"]
[Date "2014.08.21"]
[Round "6.22"]
[White "Karacsonyi, Kata"]
[Black "Karacsonyi, Gellert"]
[Result "0-1"]
[WhiteElo "1377"]
[BlackElo "1806"]
[PlyCount "136"]
[EventDate "2014.??.??"]

1. e4 c5 2. Nf3 Nf6 3. Nc3 Nc6 4. d4 cxd4 5. Nxd4 Nxd4 6. Qxd4 d6 7. Bc4 e5 8.
Qd3 Be7 9. O-O O-O 10. Bg5 Be6 11. Rad1 Rc8 12. Bb5 a6 13. Ba4 Bc4 14. Qe3 Bxf1
15. Rxf1 Ng4 16. Qg3 Bxg5 17. Qxg4 Bd2 18. Nd5 Qg5 19. Qd7 Rc4 20. Bb3 Rxe4 21.
Qxd6 Re8 22. Qd7 Qd8 23. Qf5 Rd4 24. c3 Rxd5 25. Bxd5 Qxd5 26. Rd1 Qxa2 27. Qd7
Rf8 28. Rxd2 Qb1+ 29. Rd1 Qxb2 30. Qc7 Qe2 31. Rb1 b5 32. Qa5 Ra8 33. Ra1 e4
34. Qb6 a5 35. h3 a4 36. Qc7 e3 37. fxe3 Qxe3+ 38. Kh1 a3 39. Qc6 Rd8 40. Qc7
Re8 41. Qc6 a2 42. Rxa2 Qc1+ 43. Kh2 Qf4+ 44. g3 Qe5 45. Rf2 Rf8 46. Rd2 Re8
47. Rf2 Qe3 48. Rb2 Rd8 49. Rg2 h6 50. Qc7 Qd3 51. Rf2 Rf8 52. Qc5 Qd7 53. Rb2
Rc8 54. Qe5 Qd3 55. Qxb5 Qxc3 56. Re2 Qf6 57. Qb7 Rd8 58. Qb5 Rd1 59. Rg2 Qa1
60. g4 Rh1+ 61. Kg3 Qe1+ 62. Rf2 Qg1+ 63. Kf3 Rxh3+ 64. Ke2 Qxg4+ 65. Ke1 Rh1+
66. Kd2 Qd1+ 67. Kc3 Rh3+ 68. Kc4 Qd3+ 0-1

[Event "4th Budapest Open"]
[Site "Budapest, Hungary"]
[Date "2014.08.21"]
[Round "6.23"]
[White "Gal, Janos"]
[Black "Szlenka, Attila"]
[Result "1/2-1/2"]
[WhiteElo "1948"]
[BlackElo "1775"]
[PlyCount "159"]
[EventDate "2014.??.??"]

1. e4 Nf6 2. e5 Nd5 3. d4 Nc6 4. c4 Nb6 5. f4 d6 6. d5 Nb4 7. a3 Na6 8. b4 c5
9. Qb3 e6 10. Nc3 cxb4 11. axb4 dxe5 12. Ba3 exf4 13. Nf3 Be7 14. h4 O-O 15. d6
Bf6 16. Rd1 Nd7 17. Ne4 Nab8 18. b5 a6 19. Bd3 axb5 20. cxb5 Qa5+ 21. Bb4 Qa2
22. Nxf6+ Nxf6 23. Qxa2 Rxa2 24. d7 Bxd7 25. Bxf8 Kxf8 26. O-O Ke7 27. Ra1 Rxa1
28. Rxa1 Kd6 29. Ng5 Be8 30. Ra7 Kc7 31. Kf2 h6 32. Ne4 Nbd7 33. Ra2 Nxe4+ 34.
Bxe4 Nc5 35. Rc2 Kb6 36. Kf3 f5 37. Bxf5 exf5 38. Kxf4 Bxb5 39. Rd2 Bd3 40. Ke5
Kc6 41. Rd1 b5 42. Kd4 b4 43. Rc1 b3 44. Rxc5+ Kd6 45. Rd5+ Ke6 46. Re5+ Kf6
47. Re1 Bc2 48. Kc3 g5 49. hxg5+ Kxg5 50. Re8 Kf4 51. Rh8 Kg3 52. Rg8+ Kf4 53.
Rh8 Kg3 54. Rg8+ Kf2 55. g3 Kf3 56. Kd2 Be4 57. Kc3 Bc2 58. Kd2 Kf2 59. Rg7 h5
60. Rg5 Kg2 61. Rg7 Kh3 62. Rg8 h4 63. gxh4 Kxh4 64. Rb8 Kg3 65. Ke1 Kf3 66.
Rb7 Ke3 67. Re7+ Kd3 68. Rd7+ Kc3 69. Rc7+ Kb2 70. Kd2 Bb1 71. Rf7 Be4 72. Ra7
Kb1 73. Ra5 Bc2 74. Kc3 f4 75. Ra4 f3 76. Rf4 Kc1 77. Rxf3 b2 78. Rf1+ Bd1 79.
Rxd1+ Kxd1 80. Kxb2 1/2-1/2

[Event "4th Budapest Open"]
[Site "Budapest, Hungary"]
[Date "2014.08.21"]
[Round "6.24"]
[White "Gorog, Almos"]
[Black "Rajcsanyi, Peter"]
[Result "1/2-1/2"]
[WhiteElo "1627"]
[BlackElo "1860"]
[PlyCount "95"]
[EventDate "2014.??.??"]

1. c4 Nf6 2. g3 e5 3. Nc3 d5 4. cxd5 Nxd5 5. Bg2 Nb6 6. d3 Be7 7. a4 a5 8. Nf3
Nc6 9. O-O O-O 10. Be3 Be6 11. Nd2 Nd5 12. Nxd5 Bxd5 13. Nc4 Bxg2 14. Kxg2 Qd5+
15. Kg1 f5 16. Qb3 b6 17. Rac1 Nb4 18. Nd2 Qxb3 19. Nxb3 c5 20. Bd2 Nc6 21. Bc3
Rad8 22. Nd2 Rb8 23. Nc4 Bf6 24. Ne3 Bg5 25. f4 Bh6 26. Rf3 exf4 27. gxf4 g6
28. h4 Bg7 29. Kf2 Bd4 30. Rg1 Bxe3+ 31. Rxe3 Rbe8 32. Reg3 Re6 33. h5 Kf7 34.
Rh1 Rg8 35. e3 h6 36. b3 Rd6 37. hxg6+ Rgxg6 38. Rxg6 Kxg6 39. Rg1+ Kf7 40. Ke2
Rg6 41. Rxg6 Kxg6 42. Kf2 Nd8 43. Be5 Ne6 44. Bb8 Nf8 45. Bc7 Nd7 46. Kg3 Kf7
47. Kh4 Ke6 48. Bd8 1/2-1/2

[Event "4th Budapest Open"]
[Site "Budapest, Hungary"]
[Date "2014.08.21"]
[Round "6.26"]
[White "Szecsi, Pal"]
[Black "Lakat, Gyula"]
[Result "0-1"]
[WhiteElo "1882"]
[BlackElo "1756"]
[PlyCount "76"]
[EventDate "2014.??.??"]

1. e4 c5 2. f4 Nc6 3. Nf3 d6 4. Bc4 e6 5. O-O Nf6 6. e5 dxe5 7. fxe5 Nxe5 8.
Bb5+ Ned7 9. c4 Be7 10. d3 O-O 11. Nc3 Nb6 12. Na4 Nfd7 13. Bxd7 Nxd7 14. Nc3
b6 15. Bf4 Bb7 16. Qe2 Nf6 17. Ne4 a6 18. Rad1 Ra7 19. Nxf6+ Bxf6 20. Kh1 Bxf3
21. Rxf3 Qd4 22. Rd2 Rd7 23. g4 e5 24. g5 exf4 25. gxf6 Qxf6 26. Qg2 Rfd8 27.
Rdf2 Rxd3 28. Rf1 Rd2 29. Qg4 Qg6 30. Qh3 Qe4 31. Qg4 Rd1 32. Kg1 Rxf1+ 33.
Rxf1 Qxc4 34. Rxf4 Qc1+ 35. Rf1 Qxb2 36. Kh1 Qxa2 37. Rd1 Rxd1+ 38. Qxd1 g6 0-1

[Event "4th Budapest Open"]
[Site "Budapest, Hungary"]
[Date "2014.08.21"]
[Round "6.27"]
[White "Lakatos, Tamas"]
[Black "Bartok, David Dominik"]
[Result "0-1"]
[WhiteElo "1555"]
[BlackElo "1492"]
[PlyCount "112"]
[EventDate "2014.??.??"]

1. e4 d5 2. exd5 Qxd5 3. Nf3 c6 4. d4 Bg4 5. Be2 e6 6. c4 Qd8 7. O-O Nf6 8. Be3
Be7 9. Qb3 Qc7 10. Rd1 O-O 11. Nc3 Rd8 12. d5 exd5 13. cxd5 Nxd5 14. Nxd5 cxd5
15. Rxd5 Rxd5 16. Qxd5 Qc6 17. Qb3 Be6 18. Qd3 Qd7 19. Qc2 Qc6 20. Qd1 Qd7 21.
a3 Qxd1+ 22. Rxd1 Nc6 23. Bb5 Bg4 24. Bxc6 bxc6 25. Rc1 Bxf3 26. gxf3 Bf6 27.
b3 Rc8 28. a4 a6 29. Ba7 h6 30. Rc5 Bd4 31. Rxc6 Rxc6 32. Bxd4 Rc1+ 33. Kg2 Rb1
34. a5 Rxb3 35. Bb6 Kf8 36. f4 Ke8 37. f3 h5 38. Kg3 g6 39. h4 Kd7 40. f5 Rxb6
41. axb6 a5 42. b7 Kc7 43. fxg6 fxg6 44. Kf4 a4 45. Kg5 a3 46. Kxg6 a2 47. Kxh5
a1=Q 48. f4 Qg1 49. f5 Kxb7 50. f6 Qg8 51. Kh6 Kc7 52. h5 Kd6 53. f7 Qxf7 54.
Kg5 Qh7 55. h6 Ke5 56. Kh5 Kf4 0-1

[Event "4th Budapest Open"]
[Site "Budapest, Hungary"]
[Date "2014.08.21"]
[Round "6.29"]
[White "Rzin, Mehdi"]
[Black "Toth, Viktor"]
[Result "0-1"]
[WhiteElo "1757"]
[BlackElo "1530"]
[PlyCount "108"]
[EventDate "2014.??.??"]

1. e4 e5 2. Nf3 Nc6 3. d4 exd4 4. Nxd4 Qf6 5. Be3 Bc5 6. c3 Nge7 7. Bc4 Ne5 8.
Bb3 d6 9. h3 Bd7 10. Nd2 Nd3+ 11. Kf1 Ne5 12. a4 Qg6 13. f4 N5c6 14. Bc2 Qf6
15. N2f3 g6 16. b4 Bxd4 17. Nxd4 d5 18. e5 Nxe5 19. Kg1 Nc4 20. Bc1 c6 21. Kh2
O-O 22. Rf1 Nf5 23. Nxf5 Bxf5 24. Bxf5 Qxf5 25. Ra2 Rae8 26. Re2 Qd7 27. Rxe8
Rxe8 28. Qd4 a6 29. f5 Re4 30. Qa7 gxf5 31. Qb8+ Kg7 32. Qg3+ Kh8 33. Bh6 Qd6
34. Bg7+ Kg8 35. Rf3 Qxg3+ 36. Rxg3 Re6 37. Bf6+ Kf8 38. Bg7+ Ke7 39. Bd4 Rg6
40. Rf3 Nd6 41. Bc5 Ke6 42. Bxd6 Kxd6 43. Rxf5 Ke6 44. g4 Rf6 45. Rxf6+ Kxf6
46. Kg3 a5 47. Kf4 axb4 48. cxb4 Ke6 49. h4 Kd6 50. Ke3 c5 51. bxc5+ Kxc5 52.
Kd3 Kb4 53. Kd4 Kxa4 54. Kxd5 b5 0-1

[Event "4th Budapest Open"]
[Site "Budapest, Hungary"]
[Date "2014.08.21"]
[Round "6.30"]
[White "Toth, Nikoletta"]
[Black "Ronyai, Imre"]
[Result "0-1"]
[WhiteElo "1193"]
[BlackElo "1540"]
[PlyCount "58"]
[EventDate "2014.??.??"]

1. e4 c5 2. Nf3 e6 3. d4 cxd4 4. Nxd4 Nf6 5. Nc3 d6 6. f4 Nc6 7. Be3 Bd7 8. Bd3
a6 9. Qe2 g6 10. O-O Bg7 11. Kh1 O-O 12. f5 Ne5 13. fxe6 fxe6 14. Bc4 Qc8 15.
Bb3 Kh8 16. Bg5 h6 17. Bxf6 Bxf6 18. Qd2 Kh7 19. Nce2 Nc4 20. Bxc4 Qxc4 21. Rf3
e5 22. Nb3 Bc6 23. Nc3 Bg5 24. Qxd6 Rf4 25. Qxe5 Re8 26. Qc7+ Re7 27. Qb8 Ref7
28. Rxf4 Rxf4 29. Na5 Qf1+ 0-1

[Event "4th Budapest Open"]
[Site "Budapest, Hungary"]
[Date "2014.08.21"]
[Round "6.34"]
[White "Papp, Andras"]
[Black "Mihajlova, Diana"]
[Result "0-1"]
[WhiteElo "1421"]
[BlackElo "1492"]
[PlyCount "96"]
[EventDate "2014.??.??"]

1. Nf3 d5 2. e3 Bf5 3. c4 Nf6 4. Nc3 e6 5. a3 Nc6 6. d4 Ne4 7. Bd3 Nxc3 8. bxc3
Bg4 9. cxd5 Qxd5 10. e4 Qh5 11. Be2 Be7 12. e5 O-O 13. Ra2 Rad8 14. Qa4 Rd5 15.
O-O Qg6 16. Bd1 f5 17. Bf4 Ra5 18. Qb3 Rb8 19. d5 Rxd5 20. Be2 b6 21. c4 Nd4
22. Nxd4 Rxd4 23. Be3 Re4 24. Kh1 Rxe5 25. f3 Bh5 26. Bf4 Rc5 27. Be3 Re5 28.
Bf4 Rc5 29. Be3 Rc6 30. Bf4 Qe8 31. Rd2 Bc5 32. Be5 Qe7 33. Rfd1 Be8 34. f4
Bxa3 35. Bf3 Bc5 36. Bxc6 Bxc6 37. Qg3 Ba4 38. Rd8+ Rxd8 39. Rxd8+ Be8 40.
Rxe8+ Kf7 41. Qxg7+ Kxe8 42. Qg8+ Kd7 43. Qg3 Bd6 44. Qd3 Kc6 45. Qf3+ Kd7 46.
Qd1 Kc8 47. Bxd6 Qxd6 48. Qxd6 cxd6 0-1

[Event "4th Budapest Open"]
[Site "Budapest, Hungary"]
[Date "2014.08.22"]
[Round "7.1"]
[White "Balint, Vilmos"]
[Black "Kormos, Adam"]
[Result "1-0"]
[WhiteElo "2187"]
[BlackElo "2144"]
[PlyCount "125"]
[EventDate "2014.??.??"]

1. f4 c5 2. Nf3 Nf6 3. g3 b6 4. d3 Bb7 5. e4 e6 6. Bg2 c4 7. e5 Ng4 8. Nh4 Bxg2
9. Nxg2 h5 10. h3 Nh6 11. Qxh5 cxd3 12. cxd3 Nc6 13. Be3 Nb4 14. Qd1 Nf5 15.
Bf2 Bc5 16. Nc3 Bxf2+ 17. Kxf2 b5 18. g4 Qb6+ 19. Kf3 Nd4+ 20. Kg3 g5 21. Rf1
Ndc2 22. Qf3 gxf4+ 23. Qxf4 O-O-O 24. Rac1 Nxd3 25. Qe4 Nxc1 26. Rxc1 Kb8 27.
Rxc2 d5 28. Qd3 Rc8 29. a3 a6 30. Rd2 Qc7 31. Qd4 Kb7 32. Nf4 Qe7 33. Nh5 Rc4
34. Qf2 Qc7 35. Re2 Rd8 36. Qf3 Kb8 37. Nd1 Re4 38. Nc3 Qxe5+ 39. Qf4 Rxf4 40.
Rxe5 Rf1 41. Re2 Kb7 42. Kg2 Rc1 43. Nf6 Kb6 44. h4 a5 45. Rd2 b4 46. axb4 axb4
47. Ne2 Rcc8 48. h5 Kc5 49. h6 Kd6 50. Ng3 b3 51. h7 Rh8 52. Kf3 Rc2 53. Ke3
Rxd2 54. Kxd2 Ke5 55. Ngh5 Kd4 56. Ke2 e5 57. Kd2 e4 58. Nf4 Ke5 59. N4xd5 Ke6
60. Kc3 Ke5 61. Kc4 Rc8+ 62. Kxb3 e3 63. Ng8 1-0

[Event "4th Budapest Open"]
[Site "Budapest, Hungary"]
[Date "2014.08.22"]
[Round "7.2"]
[White "Szabolcsi, Janos"]
[Black "Gal, Tamas"]
[Result "1-0"]
[WhiteElo "2324"]
[BlackElo "2254"]
[PlyCount "143"]
[EventDate "2014.??.??"]

1. d4 d5 2. Nf3 Nf6 3. c4 c6 4. cxd5 cxd5 5. Nc3 Nc6 6. Bf4 Bf5 7. e3 e6 8. Qb3
Bb4 9. Bb5 O-O 10. Bxc6 Bxc3+ 11. Qxc3 Ne4 12. Qa3 bxc6 13. Rc1 Qb6 14. Ne5
Rfc8 15. f3 Nf6 16. g4 Bg6 17. h4 h5 18. g5 Nh7 19. Nxg6 fxg6 20. Rh2 a5 21.
Rhc2 Ra6 22. Kd1 Nf8 23. Be5 Kf7 24. Rc3 a4 25. R3c2 Nd7 26. Bg3 Qb5 27. Kd2
Qa5+ 28. Ke2 Qb5+ 29. Qd3 Qb7 30. Kd1 Rb6 31. Qa3 Ra6 32. Qd6 Rb6 33. e4 Nf8
34. Qa3 Qa6 35. Re2 Kg8 36. exd5 cxd5 37. Rxc8 Qxc8 38. Qxa4 Rc6 39. Rc2 Rxc2
40. Qxc2 Qa6 41. Qb3 Qf1+ 42. Be1 Nd7 43. a4 Kh7 44. a5 Qg1 45. Qa4 Nb8 46. a6
Nxa6 47. Qxa6 Qxd4+ 48. Kc2 e5 49. Qd3 Qa4+ 50. Kb1 Qc6 51. Bc3 d4 52. Be1 Qa4
53. Bg3 Qa5 54. Qe2 Qd5 55. Qd3 Qa5 56. b3 Qc5 57. Kb2 Qa5 58. Bf2 Qb4 59. f4
Qf8 60. Qd2 exf4 61. Qxd4 f3 62. Qe4 Qf7 63. b4 Qf8 64. b5 Qd6 65. Qd4 Qe6 66.
b6 Qe2+ 67. Kc3 Qb5 68. Qc5 Qa6 69. Kd4 Qe2 70. Kd5 Qd3+ 71. Qd4 Qf5+ 72. Qe5
1-0

[Event "4th Budapest Open"]
[Site "Budapest, Hungary"]
[Date "2014.08.22"]
[Round "7.3"]
[White "Torok, Tamas Titusz"]
[Black "Molnar, Laszlo"]
[Result "1/2-1/2"]
[WhiteElo "2090"]
[BlackElo "2067"]
[PlyCount "70"]
[EventDate "2014.??.??"]

1. e4 g6 2. d4 Bg7 3. Nc3 d6 4. Nf3 a6 5. Be2 b5 6. a3 Nd7 7. d5 Ne5 8. Nd4 e6
9. O-O c5 10. dxc6 Qc7 11. Bf4 Ne7 12. Qd2 O-O 13. Rad1 Rd8 14. Bg5 f6 15. Bh6
N7xc6 16. Bxg7 Kxg7 17. Nxc6 Qxc6 18. Kh1 Bb7 19. Qe3 Nc4 20. Bxc4 Qxc4 21.
Rfe1 Qc5 22. f3 Qxe3 23. Rxe3 Kf7 24. Kg1 Rac8 25. Red3 Ke7 26. R1d2 Bc6 27.
Ne2 Be8 28. Kf2 Rc6 29. Nd4 Rc7 30. c3 Bf7 31. Nc2 a5 32. g4 e5 33. Ne3 Rc5 34.
Nd5+ Bxd5 35. Rxd5 Rxd5 1/2-1/2

[Event "4th Budapest Open"]
[Site "Budapest, Hungary"]
[Date "2014.08.22"]
[Round "7.4"]
[White "Zentai, Peter"]
[Black "Metaxasz, Vaszilisz"]
[Result "1-0"]
[WhiteElo "2236"]
[BlackElo "2062"]
[PlyCount "76"]
[EventDate "2014.??.??"]

1. d4 d5 2. c4 c6 3. e3 Nf6 4. Nf3 Bg4 5. Qb3 Qb6 6. Nc3 e6 7. Bd2 Nbd7 8. Bd3
Be7 9. Qc2 Bxf3 10. gxf3 O-O 11. f4 dxc4 12. Bxc4 c5 13. d5 exd5 14. Nxd5 Nxd5
15. Bxd5 Nf6 16. Bf3 c4 17. Ke2 Rad8 18. Rhd1 Qa6 19. Bc3 b5 20. a3 Qc8 21.
Rxd8 Rxd8 22. Rd1 Rxd1 23. Qxd1 Qf5 24. Qd4 Bf8 25. Qd8 Qc2+ 26. Ke1 Qb1+ 27.
Bd1 Qd3 28. Qxd3 cxd3 29. Bf3 Ne8 30. Kd2 Nd6 31. Kxd3 Nc4 32. Bc6 a6 33. Bb7
a5 34. Ba6 b4 35. axb4 axb4 36. Bd4 Na5 37. Bb6 Nb3 38. Kc4 Nc1 1-0

[Event "4th Budapest Open"]
[Site "Budapest, Hungary"]
[Date "2014.08.22"]
[Round "7.5"]
[White "Juhasz, Bela"]
[Black "Takacs, Kevin"]
[Result "1/2-1/2"]
[WhiteElo "2087"]
[BlackElo "2001"]
[PlyCount "63"]
[EventDate "2014.??.??"]

1. d4 d5 2. Nf3 Nf6 3. c4 c6 4. Nc3 e6 5. e3 Nbd7 6. Qc2 Be7 7. Bd3 dxc4 8.
Bxc4 b5 9. Bd3 a6 10. a3 c5 11. Qe2 Bb7 12. O-O O-O 13. Bc2 Qc7 14. dxc5 Bxc5
15. e4 Rac8 16. Bg5 b4 17. axb4 Bxb4 18. Bd2 Qb8 19. Rfe1 Rfd8 20. Rac1 e5 21.
Nh4 Nc5 22. Bg5 Ncd7 23. Ba4 Bxc3 24. Bxd7 Rxd7 25. Bxf6 Bxe1 26. Rxe1 Qd6 27.
Qg4 g6 28. Bxe5 Qxe5 29. Qxd7 Qxb2 30. Nf3 Rf8 31. h4 Bc8 32. Qe7 1/2-1/2

[Event "4th Budapest Open"]
[Site "Budapest, Hungary"]
[Date "2014.08.22"]
[Round "7.6"]
[White "Markos, Adam"]
[Black "Mester, Attila"]
[Result "1-0"]
[WhiteElo "2135"]
[BlackElo "2006"]
[PlyCount "137"]
[EventDate "2014.??.??"]

1. c4 e5 2. Nc3 Nf6 3. g3 Bb4 4. Bg2 O-O 5. a3 Bxc3 6. dxc3 d6 7. Nf3 Nc6 8.
O-O Be6 9. b3 h6 10. Ne1 d5 11. cxd5 Bxd5 12. Nd3 Bxg2 13. Kxg2 Qe7 14. Qc2 Qe6
15. f3 b6 16. e4 Na5 17. c4 c5 18. Bb2 Nc6 19. b4 Nd7 20. Rac1 Rac8 21. Qa4 Rc7
22. Qb5 Rfc8 23. bxc5 bxc5 24. Rf2 Rb8 25. Qa4 Qd6 26. Rd1 Nd4 27. Rfd2 Nb6 28.
Qa6 Qe6 29. Bxd4 cxd4 30. Rb1 Rbc8 31. c5 Nc4 32. Qxe6 fxe6 33. Ra2 Kf7 34. Rc1
Ne3+ 35. Kf2 Kf6 36. Rb2 Rc6 37. a4 g5 38. h3 h5 39. a5 h4 40. g4 R6c7 41. Rb5
Rc6 42. Nb4 Nd1+ 43. Rxd1 Rxc5 44. Rxc5 Rxc5 45. a6 Rc4 46. Rb1 Rc3 47. Rb2 Rc4
48. Rb3 Rc5 49. Ke2 Ra5 50. Kd3 Rc5 51. Nc2 Ra5 52. Ra3 Rc5 53. Nb4 Ke7 54. Ra5
Rc3+ 55. Ke2 Rc4 56. Rb5 Kf6 57. Rb7 Kg6 58. Kd2 Kf6 59. Nd3 Ra4 60. Rxa7 Ra2+
61. Kc1 Ra3 62. Kc2 Rc3+ 63. Kd2 Ra3 64. Ra8 Ra2+ 65. Kd1 Ra3 66. Kc2 Rc3+ 67.
Kd2 Ra3 68. a7 Kg7 69. Nxe5 1-0

[Event "4th Budapest Open"]
[Site "Budapest, Hungary"]
[Date "2014.08.22"]
[Round "7.7"]
[White "Ats, Laszlo Gyorgy"]
[Black "Csala, Imre"]
[Result "1/2-1/2"]
[WhiteElo "2062"]
[BlackElo "2175"]
[PlyCount "55"]
[EventDate "2014.??.??"]

1. d4 Nf6 2. Bf4 e6 3. e3 b6 4. Nf3 Bb7 5. Nbd2 Be7 6. Bd3 c5 7. c3 O-O 8. O-O
d5 9. Ne5 Nbd7 10. Rc1 a6 11. a4 Rc8 12. Qe2 c4 13. Bb1 b5 14. axb5 axb5 15.
Ndf3 Ne4 16. Nxd7 Qxd7 17. Ne5 Qe8 18. f3 Nf6 19. Qc2 Kh8 20. g4 g6 21. Bh6 Rg8
22. g5 Nd7 23. Nxd7 Qxd7 24. e4 Qd8 25. Qd2 f6 26. gxf6 Bxf6 27. e5 Bh4 28. Kh1
1/2-1/2

[Event "4th Budapest Open"]
[Site "Budapest, Hungary"]
[Date "2014.08.22"]
[Round "7.8"]
[White "Bodrogi, Mihaly"]
[Black "Grigoryan, Meri"]
[Result "0-1"]
[WhiteElo "2081"]
[BlackElo "1996"]
[PlyCount "100"]
[EventDate "2014.??.??"]

1. Nf3 d5 2. d4 Bf5 3. Bf4 c6 4. e3 Qb6 5. Qc1 e6 6. Be2 Nf6 7. O-O h6 8. Nbd2
Nbd7 9. Bd3 Ne4 10. Bxe4 dxe4 11. Ne5 Nxe5 12. Bxe5 f6 13. Bg3 h5 14. h4 c5 15.
c3 Rc8 16. Qb1 Qc6 17. Nb3 c4 18. Nd2 g5 19. b3 gxh4 20. Bxh4 Rg8 21. Kh1 Rg4
22. g3 Rc7 23. bxc4 Kf7 24. c5 Be7 25. a4 Qe8 26. Kg2 Qg8 27. Rh1 Bh7 28. Kf1
Qg6 29. Ke1 f5 30. Nc4 Rxh4 31. Rxh4 Qg8 32. Rxh5 Bf6 33. Rh1 Kf8 34. Qd1 Bg6
35. Rb1 e5 36. Nd6 f4 37. Qb3 Bf7 38. Nxf7 Rxf7 39. Rg1 fxe3 40. Rb2 Bh4 41.
Qe6 Qg5 42. Rf1 exf2+ 43. Kd1 Qxg3 44. Qc4 Bg5 45. Kc2 e3 46. Kb3 exd4 47. Qxd4
Bf6 48. Qd6+ Qxd6 49. cxd6 Rg7 50. Kc4 Rg1 0-1

[Event "4th Budapest Open"]
[Site "Budapest, Hungary"]
[Date "2014.08.22"]
[Round "7.9"]
[White "Lam, Daniel King-wai"]
[Black "Kokeny, Norbert Adrian"]
[Result "1/2-1/2"]
[WhiteElo "2114"]
[BlackElo "1916"]
[PlyCount "76"]
[EventDate "2014.??.??"]

1. e4 d6 2. d4 Nf6 3. Nc3 c6 4. f4 Qa5 5. Bd3 e5 6. Nf3 Bg4 7. Be3 Nbd7 8. O-O
Be7 9. Qd2 Qc7 10. h3 Bxf3 11. Rxf3 h6 12. Raf1 a6 13. Ne2 exd4 14. Nxd4 Nc5
15. Nf5 Bf8 16. Bxc5 dxc5 17. e5 Nd5 18. c4 Nb6 19. Qc3 O-O-O 20. Rg3 g6 21. e6
Rg8 22. e7 Bxe7 23. Nxh6 Rgf8 24. Ng4 Rd4 25. Rgf3 Rfd8 26. f5 Na4 27. Qc2 Nxb2
28. Qxb2 Rxd3 29. Rxd3 Rxd3 30. fxg6 fxg6 31. Ne5 Rd6 32. Nf7 Rd4 33. Qe2 Qd7
34. Qe5 b5 35. Qh8+ Kb7 36. Ne5 Qe6 37. Qg7 Re4 38. Nxg6 Kb6 1/2-1/2

[Event "4th Budapest Open"]
[Site "Budapest, Hungary"]
[Date "2014.08.22"]
[Round "7.10"]
[White "Zoldy, Robert"]
[Black "Bodrogi, Laszlo"]
[Result "1-0"]
[WhiteElo "2029"]
[BlackElo "1956"]
[PlyCount "83"]
[EventDate "2014.??.??"]

1. e4 e6 2. d4 d5 3. e5 c5 4. c3 Nc6 5. Nf3 Qb6 6. a3 c4 7. Nbd2 f6 8. Be2 fxe5
9. Nxe5 Bd6 10. f4 Nf6 11. Rb1 O-O 12. b3 cxb3 13. Rxb3 Qc7 14. Rb1 Bd7 15. O-O
Be8 16. Bd3 Rc8 17. Qe1 Ne7 18. c4 Nh5 19. c5 Bxe5 20. fxe5 Bg6 21. Bxg6 hxg6
22. Nf3 Nc6 23. Qh4 Qf7 24. Bg5 Nf4 25. Bxf4 Qxf4 26. Qxf4 Rxf4 27. Rxb7 Rcf8
28. Rbb1 g5 29. Nxg5 Nxd4 30. Rxf4 Ne2+ 31. Kf2 Nxf4 32. Kg3 Nd3 33. Nxe6 Re8
34. c6 Rxe6 35. c7 Rg6+ 36. Kf3 Nxe5+ 37. Kf2 Rc6 38. Rb8+ Kf7 39. c8=Q Rxc8
40. Rxc8 a5 41. Ke3 Nc4+ 42. Rxc4 1-0

[Event "4th Budapest Open"]
[Site "Budapest, Hungary"]
[Date "2014.08.22"]
[Round "7.11"]
[White "Yip NINCS KÉSZ, Michael"]
[Black "Ruck, Robert"]
[Result "1-0"]
[WhiteElo "1916"]
[BlackElo "2027"]
[PlyCount "36"]
[EventDate "2014.??.??"]

1. Nf3 d5 2. c4 e6 3. b3 Nf6 4. e3 c5 5. Be2 Be7 6. Bb2 Nc6 7. O-O O-O 8. cxd5
exd5 9. d4 b6 10. Nc3 Bb7 11. Rc1 Rc8 12. Re1 Re8 13. Bf1 Bf8 14. g3 Ne4 15.
dxc5 Nxc3 16. Bxc3 bxc5 17. Bg2 Qb6 18. Re2 Rcd8 1-0

[Event "4th Budapest Open"]
[Site "Budapest, Hungary"]
[Date "2014.08.22"]
[Round "7.12"]
[White "Bihari, Mihaly"]
[Black "Pakh, Alex"]
[Result "1-0"]
[WhiteElo "2005"]
[BlackElo "1883"]
[PlyCount "129"]
[EventDate "2014.??.??"]

1. c4 Nf6 2. Nc3 g6 3. g3 Bg7 4. Bg2 O-O 5. Nf3 c5 6. O-O Nc6 7. e3 d6 8. Rb1
Bf5 9. d3 Qd7 10. a3 Bh3 11. Re1 Bxg2 12. Kxg2 d5 13. cxd5 Nxd5 14. Nxd5 Qxd5
15. e4 Qd7 16. Be3 Nd4 17. b4 Nxf3 18. Qxf3 cxb4 19. axb4 Qxd3 20. Red1 Qa6 21.
Rd7 Qc6 22. Rbd1 b6 23. Rxe7 Qf6 24. Qxf6 Bxf6 25. Rb7 Rfb8 26. Rxb8+ Rxb8 27.
b5 Rb7 28. f4 Be7 29. Rd5 f6 30. h4 Kf7 31. h5 Rc7 32. hxg6+ hxg6 33. Kf3 Rc3
34. Ke2 Rc7 35. Kd3 Ke6 36. g4 Kf7 37. Bd4 Rb7 38. Be3 Rc7 39. Bd2 Rb7 40. Bc3
Rc7 41. Bd2 Rb7 42. f5 g5 43. Bc3 Rc7 44. Bb2 Bb4 45. e5 Be7 46. e6+ Ke8 47.
Bc3 a5 48. bxa6 Ra7 49. Rd7 Rxa6 50. Rb7 Bd8 51. Rh7 Ra4 52. Rh8+ Ke7 53. Bxf6+
Kxf6 54. Rxd8 Rxg4 55. Rf8+ Ke7 56. Rf7+ Ke8 57. Rg7 Rf4 58. Rxg5 b5 59. Ke3
Rf1 60. Ke4 b4 61. Rg7 b3 62. Rb7 Re1+ 63. Kf4 b2 64. Rxb2 Rh1 65. Ke5 1-0

[Event "4th Budapest Open"]
[Site "Budapest, Hungary"]
[Date "2014.08.22"]
[Round "7.13"]
[White "Heyl, Thomas"]
[Black "Antal, Attila Dr"]
[Result "1-0"]
[WhiteElo "2001"]
[BlackElo "2048"]
[PlyCount "43"]
[EventDate "2014.??.??"]

1. c4 c6 2. g3 d5 3. Nf3 Nf6 4. Bg2 e6 5. O-O Be7 6. b3 O-O 7. Bb2 Nbd7 8. d3
b6 9. Nbd2 dxc4 10. Nd4 c3 11. Nxc6 cxb2 12. Nxd8 bxa1=Q 13. Qxa1 Rxd8 14. Bxa8
Ng4 15. Bg2 Bf6 16. Qc1 Ba6 17. Qc7 Nc5 18. Ne4 Nxe4 19. Bxe4 Rc8 20. Qxa7 Bb5
21. a4 Be8 22. Qxb6 1-0